| 000 | 00414nam a2200157 i 4500 | ||
|---|---|---|---|
| 001 | 84401 | ||
| 003 | ES-MaACL | ||
| 005 | 20230906175017.0 | ||
| 007 | t| | ||
| 008 | 041122s1969 sp ||||1| spa d | ||
| 100 | 1 |
_aJimeno, Julio V. _966640 |
|
| 245 | 1 | 3 |
_aLa perfecta casada / _cJulio V. Jimeno. |
| 260 |
_aBarcelona : _bSagitario, _c1969. |
||
| 300 |
_a198 p. ; _c20 cm. |
||
| 852 |
_aES-MaACL _jC-39768 _bR.70768 |
||
| 999 |
_c84401 _d84401 |
||